000 00309nam a22001337a 4500
008 170907b xxu||||| |||| 00| 0 eng d
020 _a9780470528525
041 _aeng
080 _22 ED
_a91
100 _a42
101 _aGEO
245 _aDISCOVER PHYSICAL GEOGRAPHY
_cARBOGAST.A.F
942 _2udc
_cBK
999 _c26603
_d26603